| 000 | 00835nam a2200253 a 4500 | ||
|---|---|---|---|
| 001 | BRCA_5459 | ||
| 005 | 20190320205104.0 | ||
| 008 | 830617s nyuac#####---#000-0beng-# | ||
| 041 | _aeng | ||
| 044 | _anyu | ||
| 050 | 4 |
_aND673.M4 _b.M46 1913 |
|
| 245 | 1 | 0 |
_aThe work of Hans Memling _breproduced in one hundred and ninety-seven illustrations. |
| 260 |
_aNueva York _bBrentano´s _c1913 |
||
| 300 |
_a23p., 167 p. de láminas _bil., láminas _c27 cm. |
||
| 440 | 0 |
_aClassics in the art series _v11 _913944 |
|
| 500 | _aEdición con cabeza dorada | ||
| 500 | _aProducido con ciento noventa y siete ilustraciones con introducción biográfica. | ||
| 500 | _aM39 | ||
| 600 | 1 | 4 |
_aMemling, Hans _d1430-1494 _910415 |
| 650 | 1 | 4 |
_aPintores holandeses _913945 |
| 650 | 1 | 4 |
_aPinturas holandesas _913737 |
| 902 | _aGFM | ||
| 942 |
_2lcc _cB |
||
| 999 |
_c5153 _d5153 |
||